| 000 | 00723nam a22002537a 4500 | ||
|---|---|---|---|
| 003 | 0 | ||
| 005 | 20180716102940.0 | ||
| 008 | 0 | ||
| 010 | _aB-160913 | ||
| 020 |
_c00.00 _a9788170999508 |
||
| 035 | _aB-160913, B-160914 | ||
| 037 | _bCen Lib/Ret | ||
| 040 |
_aDPL _bEN _c0 |
||
| 082 |
_a382.92 _bBAN |
||
| 100 |
_aBansal, N. S. _922754 |
||
| 245 |
_aWTO after Cancun / _cby N. S. Bansal |
||
| 260 |
_aNew Delhi _bMittal Publications _c2004 |
||
| 270 |
_aA-110, Mohan Garden _bNew Delhi _e110059 |
||
| 300 |
_a418p. _c22cm(Hb) |
||
| 500 | _aIncludes index | ||
| 650 |
_aWorld Trade Organization _922755 |
||
| 650 |
_aInternational trade -- Case studies _922756 |
||
| 942 |
_2ddc _cEN _h382.92 _mBAN |
||
| 999 |
_c128228 _d128228 |
||